000 00317nam a22001217a 4500
999 _c4533
_d4533
008 250227b ||||| |||| 00| 0 eng d
020 _a9780241354278
082 _a823.92 CHA
100 _aCHAPMAN,LINDA
_eAUTHOR
245 _aMY SECRET UNICORN
260 _a80 STRAND,LONDON WC2R ORL
_bPUFFIN BOOKS
_c2018
942 _2ddc